| 000 | 00564nam a2200217 a 4500 | ||
|---|---|---|---|
| 999 |
_c5203 _d5203 |
||
| 001 | 5203 | ||
| 003 | BD-JhCC | ||
| 005 | 20171210170318.0 | ||
| 008 | 171210s1965 bg |||| ||a| 001 0 eng d | ||
| 035 | _a(BD-JhCC) 5203 | ||
| 040 |
_aBD-JhCC _dBD-JhCC |
||
| 041 | _aeng | ||
| 082 |
_a330.9549 _b1965 |
||
| 100 | _aIslam, Nurul | ||
| 245 |
_aA SHORT-TERM MODEL FOR PAKISTAN ECONOMY / _c Nurul Islam |
||
| 260 |
_aDhaka : _bOxford University Press, |
||
| 300 |
_a148 p .: _c22 cm . |
||
| 650 | _aEconomic History, Pakistan | ||
| 942 |
_2ddc _cBK |
||